000 00295nam a2200121Ia 4500
005 20251222175925.0
008 251222s9999||||xx |||||||||||||| ||spa||
082 _a353.4/P27
100 _aPásara, Luis
245 0 _aEn Busca de una Justicia Distinta:
264 _bJusticia Viva
942 _cLIB
999 _c40807
_d40807